000
00328nam a22001457a 4500
003
OSt
005
20220223102930.0
008
220223b |||||||| |||| 00| 0 eng d
020
_a
8174091106
040
_c
H U
082
_a
690
100
_a
Jha Dr. Janardan
_9
31250
245
_a
Building Construction
942
_2
ddc
_c
BOOKS
_n
0
999
_c
31314
_d
31314